Basic electrical and electronics engineering / (Record no. 30945)
[ view plain ]
| 000 -LEADER | |
|---|---|
| fixed length control field | 02123nam a22003137a 4500 |
| 005 - DATE AND TIME OF LATEST TRANSACTION | |
| control field | 20091015142441.0 |
| 010 ## - LCCN (DPL NO) | |
| LC control number | ENG-95129 B-424017-021 |
| 020 ## - INTERNATIONAL STANDARD BOOK NUMBER | |
| International Standard Book Number | 9780070146136 |
| Terms of availability | 375.00 |
| 020 ## - INTERNATIONAL STANDARD BOOK NUMBER | |
| International Standard Book Number | 0070146136 |
| Terms of availability | 375.00 |
| 035 ## - SYSTEM CONTROL NUMBER | |
| System control number | EN-78662 |
| 035 ## - SYSTEM CONTROL NUMBER | |
| System control number | B-424017-021 |
| 037 ## - SOURCE OF ACQUISITION | |
| Source of stock number/acquisition | DBAD/PUB |
| 037 ## - SOURCE OF ACQUISITION | |
| Source of stock number/acquisition | Researchco Book Centre |
| 082 ## - DEWEY DECIMAL CLASSIFICATION NUMBER | |
| Classification number | 621.3 |
| 100 ## - MAIN ENTRY--PERSONAL NAME | |
| Personal name | Ravish R. Singh |
| 245 ## - TITLE STATEMENT | |
| Title | Basic electrical and electronics engineering / |
| Statement of responsibility, etc | by Ravish R. Singh |
| 260 ## - PUBLICATION, DISTRIBUTION, ETC. (IMPRINT) | |
| Place of publication, distribution, etc | New Delhi |
| Name of publisher, distributor, etc | Tata McGraw Hill Education |
| Date of publication, distribution, etc | 2010 |
| 270 ## - ADDRESS | |
| Address | Tata McGraw Hill Education Private Limited, 7 West Patel Nagar |
| City | New Delhi |
| Postal code | 110008 |
| 300 ## - PHYSICAL DESCRIPTION | |
| Extent | Various pagings |
| Dimensions | 24cm (Pbk) |
| 500 ## - GENERAL NOTE | |
| General note | Includes index |
| 942 ## - ADDED ENTRY ELEMENTS (KOHA) | |
| Source of classification or shelving scheme | Dewey Decimal Classification |
| Item type | English Books |
| Call number suffix | RAV |
| Classification part | 621.3 |
| Withdrawn status | Lost status | Not for loan | Collection code | Home library | Current library | Date acquired | Source of acquisition | Cost, normal purchase price | Full call number | Barcode | Copy number | Cost, replacement price | Koha item type |
|---|---|---|---|---|---|---|---|---|---|---|---|---|---|
| Non-fiction | Central Library | Central Library | 05/08/2011 | Researchco Book Centre/RBC-22385/2011-12/14.3.11/76/4.3.11/21.3.11 | 375.00 | 621.3 RAV | B-424017 | 1 | 375.00 | English Books | |||
| Not For Loan | Non-fiction | D.B.Act.Division | D.B.Act.Division | 15/10/2009 | DBAD / PUB | 375.00 | 621.3 RAV | EN-78662 | 1 | 375.00 | English Books | ||
| Written-off vide DLB M. No. 383 dt 16.05.19 | Non-fiction | Patel Nagar | Patel Nagar | 05/08/2011 | Researchco Book Centre/RBC-22385/2011-12/14.3.11/76/4.3.11/21.3.11 | 375.00 | 621.3 RAV | B-424018 | 1 | 375.00 | English Books | ||
| Written-off vide DLB M. No. 383 dt 16.05.19 | Non-fiction | Sarojini Nagar | Sarojini Nagar | 05/08/2011 | Researchco Book Centre/RBC-22385/2011-12/14.3.11/76/4.3.11/21.3.11 | 375.00 | 621.3 RAV | B-424019 | 1 | 375.00 | English Books | ||
| Non-fiction | Sarojini Nagar | Sarojini Nagar | 05/08/2011 | Researchco Book Centre/RBC-22385/2011-12/14.3.11/76/4.3.11/21.3.11 | 375.00 | 621.3 RAV | B-424020 | 1 | 375.00 | English Books | |||
| Written-off vide DLB M. No. 383 dt 16.05.19 | Non-fiction | Shahdara Branch | Shahdara Branch | 05/08/2011 | Researchco Book Centre/RBC-22385/2011-12/14.3.11/76/4.3.11/21.3.11 | 375.00 | 621.3 RAV | B-424021 | 1 | 375.00 | English Books |
